Quantitative methods / (Record no. 23066)
[ view plain ]
| 000 -LEADER | |
|---|---|
| fixed length control field | 00769pam a22002655a 4500 |
| 001 - CONTROL NUMBER | |
| control field | 016683301 |
| 003 - CONTROL NUMBER IDENTIFIER | |
| control field | Uk |
| 005 - DATE AND TIME OF LATEST TRANSACTION | |
| control field | 20161108144123.0 |
| 008 - FIXED-LENGTH DATA ELEMENTS--GENERAL INFORMATION | |
| fixed length control field | 140306t2014 enka fr 001 0 eng d |
| 020 ## - INTERNATIONAL STANDARD BOOK NUMBER | |
| International Standard Book Number | 9781137340856 (pbk.) |
| 040 ## - CATALOGING SOURCE | |
| Original cataloging agency | StDuBDS |
| Language of cataloging | eng |
| Transcribing agency | StDuBDS |
| Modifying agency | Uk |
| -- | EG-ScBUE |
| 082 04 - DEWEY DECIMAL CLASSIFICATION NUMBER | |
| Classification number | 658.00151 |
| Edition number | 22 |
| Item number | OAK |
| 100 1# - MAIN ENTRY--PERSONAL NAME | |
| Personal name | Oakshott, Les. |
| 245 10 - TITLE STATEMENT | |
| Title | Quantitative methods / |
| Statement of responsibility, etc | Les Oakshott. |
| 260 ## - PUBLICATION, DISTRIBUTION, ETC. (IMPRINT) | |
| Place of publication, distribution, etc | London : |
| Name of publisher, distributor, etc | Palgrave Macmillan, |
| Date of publication, distribution, etc | 2014. |
| 300 ## - PHYSICAL DESCRIPTION | |
| Extent | xv, 234 p. : |
| Other physical details | ill. ; |
| Dimensions | 19 cm. |
| 490 0# - Series Statement | |
| Series statement | Business briefings |
| 500 ## - GENERAL NOTE | |
| General note | Index : p. 231-234. |
| 504 ## - BIBLIOGRAPHY, ETC. NOTE | |
| Bibliography, etc | Bibliography : p. 230.<br/> |
| 590 ## - LOCAL NOTE (RLIN) | |
| Local note | SAMEH |
| 650 #7 - SUBJECT ADDED ENTRY--TOPICAL TERM | |
| Topical term or geographic name as entry element | Industrial management |
| General subdivision | Mathematical models. |
| Source of heading or term | BUEsh |
| 9 (RLIN) | 25973 |
| 651 ## - SUBJECT ADDED ENTRY--GEOGRAPHIC NAME | |
| Source of heading or term | BUEsh |
| 653 ## - INDEX TERM--UNCONTROLLED | |
| Resource For college | BAEPS, Business Administration |
| Arrived date list | November2016 |
| 942 ## - ADDED ENTRY ELEMENTS (KOHA) | |
| Source of classification or shelving scheme | Dewey Decimal Classification |
| Withdrawn status | Item status | Source of classification or shelving scheme | Damaged status | Not for loan | Vendor | Home library | Current library | Shelving location | Date acquired | Source of acquisition | Cost, normal purchase price | Serial Enumeration / chronology | Total Checkouts | Total Renewals | Full call number | Barcode | Date last seen | Date last borrowed | Cost, replacement price | Koha item type |
|---|---|---|---|---|---|---|---|---|---|---|---|---|---|---|---|---|---|---|---|---|
| Dewey Decimal Classification | Baccah | Central Library | Central Library | First floor | 08/11/2016 | Purchase | 210.00 | 3648 | 1 | 1 | 658.00151 OAK | 000034258 | 15/07/2025 | 29/04/2017 | 263.00 | Book - Borrowing |